| 000 | 00901nac a22002771i 4500 | ||
|---|---|---|---|
| 003 | EG-ScBUE | ||
| 005 | 20230507112642.0 | ||
| 008 | 230507s2001 au a f 000 0 eng d | ||
| 020 | _a9781864701036 | ||
| 020 | _a186470103X (v.7) | ||
| 040 |
_aEG-ScBUE _beng _erda _cEG-ScBUE _dEG-ScBUE |
||
| 082 | 0 | 4 |
_a724.6 _222 _bINT |
| 245 | 0 | 0 | _aInternational architecture yearbook. |
| 264 | 1 |
_aMulgrave, Australia : _bThe Images Publishing Group Ltd, _c2001. |
|
| 300 |
_a256 pages : _bcolor illustrations ; _c31 cm |
||
| 336 |
_2rdacontent _atext _btxt |
||
| 337 |
_2rdamedia _aunmediated _bn |
||
| 338 |
_2rdacarrier _avolume _bnc |
||
| 500 | _aIssues : Annually | ||
| 500 | _aIssued by: Images Publishing Group Pty Ltd. | ||
| 650 | 7 |
_aArchitecture, Modern _y20th century. _2BUEsh |
|
| 650 | 7 |
_aArchitecture, Modern _y 21st century. _2BUEsh |
|
| 653 | _bENGARC | ||
| 655 | _vReading book | ||
| 942 |
_cBB _2ddc |
||
| 999 |
_c3113 _d3113 |
||